| 000 | 01052nam0a22002651 4500 | ||
|---|---|---|---|
| 001 | rc\4412175 | ||
| 005 | 20130416152746.1 | ||
| 021 |
_aRU _b[60-15435] |
||
| 035 | _a(NLR Aleph) 008564659 | ||
| 090 |
_a8487411 _c8487411 |
||
| 100 | _a20130416d1960 |||y0rusy50 ca | ||
| 101 | 0 | _arus | |
| 102 | _aRU | ||
| 105 | _ay z ||||| | ||
| 200 | 1 |
_aВыращивание высоких урожаев табака в Казахстане _eИз опыта передовых табаководческих хозяйств и передовиков табаководов _fМ-во сел. хозяйства КазССР. Упр. с.-х. науки и пропаганды |
|
| 210 |
_aАлма-Ата _cБ. и. _d1960 |
||
| 215 |
_a36 с. _d20 |
||
| 300 | _aПеред загл. авт.: Б. Долгошеев, агр. | ||
| 606 |
_aТабаководство _yКазахская ССР _2psbo |
||
| 700 | 1 |
_aДолгошеев _bБ. Г. |
|
| 801 | 0 |
_aRU _bNLR _gpsbo |
|
| 801 | 1 |
_aRU _bELAR _2rusmarc |
|
| 852 |
_aNLR _j60-4/3069 |
||
| 942 | _cBOOK | ||
| 980 | _aNB | ||